000
00307nam a22001337a 4500
008
170606b xxu||||| |||| 00| 0 eng d
020
_a
9780964418417
041
_a
eng
080
_a
94
100
_a
18
101
_a
SHH
245
_a
LAND OF FIRETHE BEATY OF OLD RUSSIA
_c
MASSIE.S
942
_2
udc
_c
BK
999
_c
16026
_d
16026